<?xml version="1.0" encoding="UTF-8"?>
<record
    xmlns:xsi="http://www.w3.org/2001/XMLSchema-instance"
    xsi:schemaLocation="http://www.loc.gov/MARC21/slim http://www.loc.gov/standards/marcxml/schema/MARC21slim.xsd"
    xmlns="http://www.loc.gov/MARC21/slim">

  <leader>00652nam a22002297a 4500</leader>
  <controlfield tag="003">UA-OsUOA</controlfield>
  <controlfield tag="001"> 40326 </controlfield>
  <controlfield tag="007">ta</controlfield>
  <controlfield tag="008">20080610b un ||||| |||| 00| 0 ukr d</controlfield>
  <datafield tag="100" ind1=" " ind2=" ">
    <subfield code="a">&#x427;&#x430;&#x43F;&#x43B;&#x435;&#x43D;&#x43A;&#x43E; &#x412;.</subfield>
  </datafield>
  <datafield tag="090" ind1=" " ind2=" ">
    <subfield code="a">82 (477)</subfield>
    <subfield code="b">&#x427;-19</subfield>
  </datafield>
  <datafield tag="942" ind1=" " ind2=" ">
    <subfield code="c">BK</subfield>
  </datafield>
  <datafield tag="040" ind1=" " ind2=" ">
    <subfield code="a">UA-OsUOA</subfield>
    <subfield code="b">ukr</subfield>
    <subfield code="c">UA-OsUOA</subfield>
    <subfield code="d">UA-OsUOA</subfield>
  </datafield>
  <datafield tag="245" ind1=" " ind2=" ">
    <subfield code="a">&#x414;&#x435;&#x449;&#x43E; &#x43F;&#x440;&#x43E; &#x43A;&#x440;&#x430;&#x441;&#x43D;&#x435; &#x43F;&#x438;&#x441;&#x44C;&#x43C;&#x435;&#x43D;&#x441;&#x442;&#x432;&#x43E; &#x439; &#x43C;&#x438;&#x441;&#x442;&#x435;&#x446;&#x442;&#x432;&#x43E; &#x432;&#x437;&#x430;&#x433;&#x430;&#x43B;&#x456;.</subfield>
    <subfield code="b">&#x417;&#x431;&#x456;&#x440;&#x43A;&#x430; &#x441;&#x442;&#x430;&#x442;&#x435;&#x439;</subfield>
  </datafield>
  <datafield tag="300" ind1=" " ind2=" ">
    <subfield code="a">128 &#x441;.</subfield>
  </datafield>
  <datafield tag="955" ind1=" " ind2=" ">
    <subfield code="a">4</subfield>
  </datafield>
  <datafield tag="041" ind1=" " ind2=" ">
    <subfield code="a">ukr</subfield>
  </datafield>
  <datafield tag="080" ind1=" " ind2=" ">
    <subfield code="a">82 (477)</subfield>
  </datafield>
  <datafield tag="260" ind1=" " ind2=" ">
    <subfield code="a">&#x41D;.-&#x419;.</subfield>
    <subfield code="c">1980</subfield>
  </datafield>
  <datafield tag="650" ind1=" " ind2="7">
    <subfield code="a">82 &#x41B;&#x456;&#x442;&#x435;&#x440;&#x430;&#x442;&#x443;&#x440;&#x430;. &#x41B;&#x456;&#x442;&#x435;&#x440;&#x430;&#x442;&#x443;&#x440;&#x43E;&#x437;&#x43D;&#x430;&#x432;&#x441;&#x442;&#x432;&#x43E;</subfield>
    <subfield code="2">UDC</subfield>
  </datafield>
  <datafield tag="999" ind1=" " ind2=" ">
    <subfield code="c">438854</subfield>
    <subfield code="d">438854</subfield>
  </datafield>
  <datafield tag="952" ind1=" " ind2=" ">
    <subfield code="0">0</subfield>
    <subfield code="1">0</subfield>
    <subfield code="2">udc</subfield>
    <subfield code="4">0</subfield>
    <subfield code="7">0</subfield>
    <subfield code="a">300</subfield>
    <subfield code="b">300</subfield>
    <subfield code="d">2008-06-10</subfield>
    <subfield code="e">114/2007</subfield>
    <subfield code="g">1.00</subfield>
    <subfield code="i">2128675</subfield>
    <subfield code="l">0</subfield>
    <subfield code="o">82 (477) &#x427;-19</subfield>
    <subfield code="p">2128675</subfield>
    <subfield code="r">2019-09-15 00:00:00</subfield>
    <subfield code="w">2008-06-10</subfield>
    <subfield code="y">BK</subfield>
  </datafield>
</record>
